Kapitálové životné poistenie. Áno či nie?

Otázka životného poistenia pre investora. Ako pozerať na kapitálové životné poistenie. Kumulovanie kapitálu v kapitálovom životnom poistení - kapitalizácia poistnej sumy. Riziko úmrtia a riziko dožitia. S čím sa možno v kapitálovom životnom poistení stretnúť.

Saved in:
Bibliographic Details
Main Author: Littvová, Zuzana
Format: Book Chapter
Language:Slovak
Subjects:
Tags: Add Tag
No Tags, Be the first to tag this record!

MARC

LEADER 00000naa$a2200000$$$4500
001 0097043
005 20240502072057.0
041 0 |a slo 
044 |a SK 
245 1 0 |a Kapitálové životné poistenie. Áno či nie?  |c Zuzana Littvová 
520 |a Otázka životného poistenia pre investora. Ako pozerať na kapitálové životné poistenie. Kumulovanie kapitálu v kapitálovom životnom poistení - kapitalizácia poistnej sumy. Riziko úmrtia a riziko dožitia. S čím sa možno v kapitálovom životnom poistení stretnúť. 
610 2 0 |a poisťovníctvo 
610 2 0 |a poistenie životné 
610 2 0 |a poisťovne 
610 2 0 |a poistné 
610 2 0 |a poistníci 
610 2 0 |a riziko poistné 
610 2 0 |a investovanie 
100 1 |a Littvová, Zuzana